00981 a2200397 4500000002100000001000700021005001700028008004100045010000500086020001800091082002400109100010200133110000500235245014400240250000500384260002800389300001000417490000700427500000500434600000500439610000500444611000500449630001600454650000500470651000500475654000500480700002700485700002800512710000900540711000500549720000500554730000500559740000500564752000500569856000900574BKB 14139020200902165527.0  a a9780415456807 a338.470040954bI11I1 aIn an outpost of the global economy : work and workers in India's information technology industry a1 aIn an outpost of the global economy : work and workers in India's information technology industrycedited by Carol Upodhya and A. R. Vasavi a aLondonbRoutledgec2008 a283p. av a a a a aSocial Work a a a aVasavi, A. R., ed.bc aUpodhya, Carol, ed.bc abc a a a a a adf